000 00349pab a2200145 454500
008 180718b2003 xxu||||| |||| 00| 0 eng d
100 _aAlam, Arshad
245 _aUnderstanding Madrasas
260 _c2003
300 _ap.2123-126.
362 _a31 May
650 _aIslamic education
773 _aEconomic and Political Weekly
909 _a56859
999 _c56859
_d56859